Villes de Tunisie par image satellite - Statistiques

Statistiques générales
  • Ce quiz a été pris 80 fois
  • Le résultat moyen est 5 sur 16
Statistiques - réponses
Par images Réponse % Correct
Tunis
65%
Sfax
46%
Nabeul
39%
Sousse
39%
Tataouine
37%
Hammamet
35%
Bizerte
32%
Houmt Souk (Djerba)
27%
Monastir
27%
Tozeur
24%
Aïn Draham
20%
Beja
18%
Gabès
18%
Tabarka
15%
Kelibia
14%
Kairouan
13%
Aucun quiz correspondant
Distribution des résultats
% des personnes avec chaque résultat
Percentile par nombre de réponses
Votre historique - résultats
Vous n’avez pas pris ce quiz